The Memory palace of Matteo Ricci / (Record no. 8961)
[ view plain ]
| 000 -LEADER | |
|---|---|
| fixed length control field | 00694nam a2200217 4500 |
| 008 - FIXED-LENGTH DATA ELEMENTS--GENERAL INFORMATION | |
| fixed length control field | 020625s1985 us 1 eng |
| 020 ## - INTERNATIONAL STANDARD BOOK NUMBER | |
| International Standard Book Number | 0140080988 |
| 090 ## - LOCALLY ASSIGNED LC-TYPE CALL NUMBER (OCLC); LOCAL CALL NUMBER (OCLC) | |
| Classification number (OCLC) (R) ; Classification number, CALL (RLIN) (NR) | BV3427 |
| Local cutter number (OCLC) ; Book number/undivided call number, CALL (RLIN) | .R46 |
| -- | Sp3 |
| 100 1# - MAIN ENTRY--PERSONAL NAME | |
| Personal name | Spence, Jonathan D. |
| 245 10 - TITLE STATEMENT | |
| Title | The Memory palace of Matteo Ricci / |
| Statement of responsibility, etc | Jonathan D. Spence. |
| 260 ## - PUBLICATION, DISTRIBUTION, ETC. (IMPRINT) | |
| Place of publication, distribution, etc | New York : |
| Name of publisher, distributor, etc | Penguin Books, |
| Date of publication, distribution, etc | c1985. |
| 300 ## - PHYSICAL DESCRIPTION | |
| Extent | xiv, 350 p. |
| 504 ## - BIBLIOGRAPHY, ETC. NOTE | |
| Bibliography, etc | Biblio: pp. 319-337 / Includes index |
| 600 14 - SUBJECT ADDED ENTRY--PERSONAL NAME | |
| Personal name | Ricci, Matteo, 1552-1610. |
| 651 #4 - SUBJECT ADDED ENTRY--GEOGRAPHIC NAME | |
| Geographic name | China |
| General subdivision | History |
| -- | Ming dynasty, 1768-1644. |
| 651 #4 - SUBJECT ADDED ENTRY--GEOGRAPHIC NAME | |
| Geographic name | Jesuits |
| General subdivision | Missions |
| Geographic subdivision | China. |
| 651 #4 - SUBJECT ADDED ENTRY--GEOGRAPHIC NAME | |
| Geographic name | Missionaries |
| Geographic subdivision | China |
| General subdivision | Biography. |
| 651 #4 - SUBJECT ADDED ENTRY--GEOGRAPHIC NAME | |
| Geographic name | Missionaries |
| Geographic subdivision | Italy |
| General subdivision | Biography. |
| 951 ## - EQUIVALENCE OR CROSS-REFERENCE-GEOGRAPHIC NAME/AREA NAME [OBSOLETE] [CAN/MARC only] | |
| General subdivision | 00027641 |
| 942 ## - ADDED ENTRY ELEMENTS (KOHA) | |
| Source of classification or shelving scheme | Library of Congress Classification |
| Item type | Books |
| Withdrawn status | Lost status | Source of classification or shelving scheme | Damaged status | Not for loan | Home library | Current library | Shelving location | Date acquired | Inventory number | Shelving control number | Total Checkouts | Full call number | Barcode | Date last seen | Price effective from | Koha item type | Source of acquisition | Copy number |
|---|---|---|---|---|---|---|---|---|---|---|---|---|---|---|---|---|---|---|
| Library of Congress Classification | BSOP Library | BSOP Library | GC | 12/21/2000 | 25109 | 127 | BV3427.R46 Sp3 | 00027641 | 02/23/2013 | 02/23/2013 | Books | |||||||
| Library of Congress Classification | BSOP Library | BSOP Library | GC | 04/11/2016 | 37767 | BV3427.R46 Sp3 c.2 | 00047767 | 04/11/2016 | 04/11/2016 | Books | c.2 |
